Las nuevas ciencias y las humanidades: de la Academia a la política
Saved in:
| Hovedforfatter: | |
|---|---|
| Format: | Bog |
| Sprog: | spansk |
| Udgivet: |
Barcelona
Anthropos
2004
|
| Udgivelse: | 1a. ed |
| Serier: | Autores, Textos y Temas. Ciencias Sociales, 37
|
| Fag: | |
| Tags: |
Tilføj Tag
Ingen Tags, Vær først til at tagge denne postø!
|
MARC
| LEADER | 00000nam a2200000 a 4500 | ||
|---|---|---|---|
| 001 | UCK3268 | ||
| 003 | CL-VaPUC | ||
| 008 | 050422e20040000SP |||||||||||||||||spa|d | ||
| 020 | |a 8476586760 | ||
| 082 | 0 | 4 | |a 303.4 |b GON |2 21 |
| 100 | |a González Casanova, Pablo |e author |9 597261 | ||
| 245 | 1 | 4 | |a Las nuevas ciencias y las humanidades: de la Academia a la política |
| 250 | |a 1a. ed | ||
| 300 | |a 478 p | ||
| 942 | |c BK | ||
| 945 | |d 20050422 00:00:00 |a cmena | ||
| 260 | |a Barcelona |b Anthropos |c 2004 | ||
| 650 | 0 | |a Cambio social |9 256857 | |
| 650 | 0 | |a Antropología cultural y social |9 265143 | |
| 650 | 7 | |a DESARROLLO TECNOLOGICO |2 CL-VaPUC |9 259800 | |
| 650 | 7 | |a FILOSOFIA POLITICA |2 CL-VaPUC |9 491340 | |
| 650 | 0 | |a Desarrollo científico |9 259799 | |
| 583 | |a last modification |c 20050422 00:00:00 |k Rodrigo Vera | ||
| 490 | 0 | |a Autores, Textos y Temas. Ciencias Sociales, 37 | |
| 999 | |c 312526 |d 312524 | ||
| 952 | |0 0 |1 0 |4 0 |6 303_400000000000000_GON_2004 |7 0 |8 A |9 382955 |a BIBGIM |b BIBGIM |d 2019-11-21 |i 4115058 |l 1 |o 303.4 GON 2004 |p 4115058 |r 2025-01-15 |s 2022-06-06 |w 2019-11-21 |y BK |k SSL | ||